00518 a2200133 4500003000500000038001300005082001000018100002500028245009000053260008100143300004200224500006000266856005800326NUST aM Shaban aBIT-5 aFariha Anwar Qureshi aIntelligent Warehouse Space Utilization Solution [Project BIT5]cFariha Anwar Qureshi aIslamabad,bNUST School of Electrical Engineering & Computer Science,c2007. axi, 93 p. :bill. ;c27 cm. +eCD-ROM aSupervisors : Mr. Nauman Qureshi, Dr. Sharifullah Khan. u http://10.250.8.41:8080/xmlui/handle/123456789/10602